Top Female Footballers 2025 - Statistics

General Stats
  • This quiz has been taken 69 times
  • The average score is 19 of 54
Answer Stats
Hint Answer % Correct
90, Spain, CM Alexia Putellas
91%
91, Spain, CM Aitana Bonmatí
89%
90, Australia, ST Sam Kerr
83%
90, Norway, RM Caroline Graham Hansen
67%
85, England, RB Lucy Bronze
63%
85, England, ST Alessia Russo
57%
88, England, RW Beth Mead
56%
86, England, RW Chloe Kelly
52%
89, Spain, CB Mapi León
52%
86, England, GK Mary Earps
52%
85, England, CB Leah Williamson
50%
86, England, RW Lauren James
48%
89, Norway, ST Ada Hegerberg
44%
88, Norway, LM Guro Reiten
44%
85, Ireland, LB Katie McCabe
44%
85, England, CDM Keira Walsh
44%
88, France, CB Wendie Renard
44%
88, Spain, CB Irene Paredes
43%
86, England, LW Lauren Hemp
43%
85, Netherlands, ST Vivanne Miedema
43%
87, Poland, ST Ewa Pajor
41%
89, USA, ST Sophia Smith
41%
87, Germany, ST Alexandra Popp
37%
86, Jamaica, ST Khadija Shaw
37%
86, Scotland, CM Kim Little
37%
85, Spain, LB Ona Batlle
37%
86, Sweden, LB Fridolina Rolfö
35%
88, France, ST Marie Katoto
35%
88, Chile, GK Christiane Endler
33%
88, Spain, CDM Patri Guijarro
33%
85, Australia, LW Caitlin Foord
31%
86, USA, CM Lindsey Horan
30%
86, Germany, CDM Lena Oberdorf
28%
87, France, LB Sakina Karchaoui
28%
88, France, RW Kadidiatou Diani
26%
86, France, LB Selma Bacha
26%
86, Netherlands, CAM Jill Roord
22%
86, France, CM Grace Geyoro
20%
86, Germany, ST Lea Schüller
19%
85, Canada, RB Ashley Lawrence
17%
88, Brazil, CAM Debinha
17%
85, Nigeria, ST Asisat Oshoala
15%
85, France, ST Eugénie Le Sommer
15%
87, USA, CAM Rose Lavelle
15%
85, Italy, ST Cristiana Girelli
13%
87, USA, LM Mallory Swanson
13%
85, Canada, GK Kailen Sheridan
9%
85, Germany, GK Merle Frohms
9%
85, England, ST Rachel Daly
9%
85, Nigeria, GK Chiamaka Nnadozie
7%
85, France, RM Clara Mateo
7%
85, Germany, RM Svenja Huth
7%
85, Germany, CB Kathrin Hendrich
6%
85, USA, CB Becky Sauerbrunn
4%
No matching quizzes found
Score Distribution
Percent of People with Each Score
Percentile by Number Answered
Your Score History
You have not taken this quiz